Bilecik Bilecik Bilecik Bilecik Bilecik

Anatomi, histoloji ve hücre biyolojisi/ (Record no. 70376)

MARC details
000 -BAŞLIK
Sabit Uzunluktaki Kontrol Alanı 01210nam a22003857a 4500
001 - KONTROL NUMARASI
Control Dosyası 0069628
003 - KONTROL NUMARASI KİMLİĞİ
Kontrol Alanı KOHA_MİRAKIL
005 - EN SON İŞLEM TARİHİ ve ZAMANI
Kontrol Alanı 20260207004848.0
007 - FİZİKSEL TANIM SABİT ALAN - GENEL BİLGİ
Sabit uzunluklu kontrol alanı ta
008 - SABİT UZUNLUKTAKİ VERİ ÖGELERİ - GENEL BİLGİ
Sabit Alan 231130b2003 tu |||gr||||#0|||0|tur |
020 ## - ISBN - ULUSLARARASI STANDART KİTAP NUMARASI
Isbn 9753160984
040 ## - KATALOGLAMA KAYNAĞI
Özgün Kataloglama Kurumu TR-BiSEU
Kataloglama Dili tur
Çeviri Kurumu TR-BiSEU
Açıklama Kuralları rda
041 0# - DİL KODU
Metin ya da ses kaydının dil kodu tur
044 ## - YAYINLAYAN/ÜRETEN KURULUŞUN ÜLKE KODU
ISO country code tu
050 ## - SINIFLAMA ve YER NUMARASI
Sınıflama Numarası QM554
Yer Numarası .K54 2003
100 1# - KİŞİ ADI
Yazar Adı (Kişi adı) Klein, Robert M..
245 1# - ESER ADI BİLDİRİMİ
Başlık Anatomi, histoloji ve hücre biyolojisi/
Sorumluluk Bildirimi Robert M. Klein ; Robert M. Klein, James C. McKenzie, Elhan Alaittin.
264 #1 - ÜRERİM, YAYIN, DAĞITIM ve TELİF BİLDİRİMİ
Yayın yeri Bursa :
Yayınlayan Alfa Yayınları
Yayın tarihi 2003
300 ## - FİZİKSEL TANIMLAMA
Sayfa, Cilt vb. IX, 497 sayfa: resimli; 21 cm.
336 ## - İÇERİK TÜRÜ
Content type term metin
Content type code txt
Source rdacontent
337 ## - MEDYA TÜRÜ
Media type term aracısız
Media type code n
Source rdamedia
338 ## - TAŞIYICI TÜRÜ
Carrier type term cilt
Carrier type code nc
Source rdacarrier
490 1# - DİZİ BİLDİRİMİ
Dizi Bildirimi Yayın No ;
Cilt Numarası 448.
490 1# - DİZİ BİLDİRİMİ
Dizi Bildirimi Dizi no: 18
500 ## - GENEL NOT
Genel Not Dizin var.
650 #0 - KONU BAŞLIĞI EK GİRİŞ - KONU TERİMİ
Konusal terim veya coğrafi ad Sitoloji--Sınavlar, sorular, vb.
9 (RLIN) 4639
650 #0 - KONU BAŞLIĞI EK GİRİŞ - KONU TERİMİ
Konusal terim veya coğrafi ad Histoloji--Sınavlar, sorular, vb.
9 (RLIN) 4641
650 #0 - KONU BAŞLIĞI EK GİRİŞ - KONU TERİMİ
Konusal terim veya coğrafi ad Anatomy--Examination Questions.
9 (RLIN) 4640
650 #0 - KONU BAŞLIĞI EK GİRİŞ - KONU TERİMİ
Konusal terim veya coğrafi ad Cytology--Examination Questions.
9 (RLIN) 4642
650 #0 - KONU BAŞLIĞI EK GİRİŞ - KONU TERİMİ
Konusal terim veya coğrafi ad Histology--Examination Questions.
9 (RLIN) 4643
830 1# - SERİ EK GİRİŞİ - TEKBİÇİM ESER ADI
Tekbiçim Başlık Yayın No ;
Volume number/sequential designation 448.
9 (RLIN) 1861
830 1# - SERİ EK GİRİŞİ - TEKBİÇİM ESER ADI
Tekbiçim Başlık Dizi no: 18
9 (RLIN) 134624
907 ## - LOCAL DATA ELEMENT G, LDG (RLIN)
a Tıp
942 ## - EK GİRİŞ ÖGELERİ (KOHA)
Source of classification or shelving scheme Library of Congress Classification
Koha item type Book
Holdings
Materyal Türü Kalıcı Konum Mevcut Konum Sınıflandırma Kaynağı Edinim Bilgisi Ana Konular Alt Konular Yer Numarası Demirbaş Numarası Fatura Tarihi Geri Çekilme Durumu Kayıp Durumu Hasarlı Durumu Kredi için değil Kayıt Tarih Toplam Ödünçverme Son Görülme Tarihi Son Kontrol Tarihi Genel / Bağış Notu
Book BŞEÜ Tıp Fakültesi Kütüphanesi BŞEÜ Tıp Fakültesi Kütüphanesi Library of Congress Classification Bağış BİLİM İnsan Anatomisi QM554 .K54 2003 0069628 02/02/2026       Ödünç verilmez 30/11/2023   02/06/2025 02/06/2025 Uludağ Üniversitesi , Kurum